Biblioteca ESET

30.30 : (Registro nro. 28)

Detalles MARC
000 -CABECERA
fixed length control field 01205Cam#a22003135a#4500
003 - CONTROL NUMBER IDENTIFIER
control field AR-BeUNQ
005 - FECHA Y HORA DE LA ULTIMA TRANSACCION
control field 20220224182229.0
008 - ELEMENTOS DE LONGITUD FIJA-INFORMACION GENERAL
fixed length control field 151019s2014||||ag # |#||||f001|pdspa#d
020 ## - NUMERO INTERNACIONAL NORMALIZADO PARA LIBROS
Número Internacional Normalizado del libro 9789871912339
040 ## - FUENTE DE CATALOGACION
Agencia de catalogación original AR-BeUNQ
Convenciones de la descripción aacr
082 04 - NUMERO DE CLASIFICACION DECIMAL DEWEYMBER
Número de clasificación Ar861
Número de la edición 21
245 00 - MENCION DE TITULO
Título 30.30 :
Otra información sobre el título poesía argentina del siglo XXI
Mención de responsabilidad, etc selección y prólogo Francisco Vitar, Daiana Henderson, Gervasio Monchietti ; [Antolin ... et al.].
246 10 - FORMA VARIANTE DEL TITULO
Título propiamente dicho/forma breve del título Treinta, treinta :
Parte restante del título poesía argentina del siglo XXI.
250 ## - MENCION DE EDICION
Mención de edición 1a. ed. Colección Juan Gelman.
260 ## - PUBLICACION, DISTRIBUCION, ETC.
Lugar de publicación, distribución, etc. Rosario :
Nombre del editor, distribuidor, etc. Ministerio de Innovación y Cultura de la Provincia de Santa Fé,
Fecha de publicación, distribución, etc 2014.
300 ## - DESCRIPCION FISICA
Extensión 246 p. ;
Dimensiones 21 cm.
490 1# - MENCION DE SERIE
Mención de serie Colección Juan Gelmán ;
500 ## - NOTA GENERAL
Nota general Edición especial para el Ministerio de Educación.
650 #7 - ASIENTO SECUNDARIO DE MATERIA - TERMINO TEMATICO
Término temático o nombre geográfico como elemento de entrada Literatura (arte)
Fuente del encabezamiento o términ spines
650 #7 - ASIENTO SECUNDARIO DE MATERIA - TERMINO TEMATICO
Término temático o nombre geográfico como elemento de entrada Literatura argentina
Fuente del encabezamiento o términ tell
650 #7 - ASIENTO SECUNDARIO DE MATERIA - TERMINO TEMATICO
Término temático o nombre geográfico como elemento de entrada Poesía
Fuente del encabezamiento o términ tell
700 1# - ASIENTO SECUNDARIO - NOMBRE DE PERSONA
Personal name Bitar, Francisco,
Relator term pról.
700 1# - ASIENTO SECUNDARIO - NOMBRE DE PERSONA
Personal name Henderson, Daiana,
Relator term pról.
700 1# - ASIENTO SECUNDARIO - NOMBRE DE PERSONA
Personal name Monchietti, Gervasio,
Relator term pról.
700 1# - ASIENTO SECUNDARIO - NOMBRE DE PERSONA
Personal name Antolín.
830 #0 - ASIENTO SECUNDARIO DE SERIE--TITULO UNIFORME
Título uniforme Colección Juan Gelmán. ;
Designación numérica/secuencial del volumen 04
929 ## - DATOS DE ADQUISICION
Procedencia DONACION
Proveedor Ministerio de Educación
Precio 125,00E
Fecha de recibido 20151006
Patrimonio UNQ PAT0059856
Número de Pase u otro número de Donación 2912
Número de inventario 53799
942 ## - ELEMENTOS DE PUNTO DE ACCESO ADICIONAL (KOHA)
Tipo de ítem Koha Libros
Suppress in OPAC 0
Existencias
Estado de retiro Estado de pérdida Ubicación permanente Ubicación actual Ubicación en estantería Fecha de ingreso Total Checkouts Signatura topográfica completa Inventario Date last seen Número de copia Tipo de ítem Koha Operador
    Biblioteca ESET - UNQ Biblioteca ESET - UNQ CIRCULACION 02/06/2016   Ar 861 TRE 53799 02/06/2016 1 Libros CG

ESET UNQ

☏ 4365-7188
 Avenida República de Francia 1714 entre Doctor Kenny y Concordia, Ezpeleta, Bs As.
✉ secretaria_eset@unq.edu.ar

Con tecnología Koha